KOHA-Header-6

International Business (Record no. 6029)

000 -LEADER
fixed length control field 00265nam a2200109Ia 4500
008 - FIXED-LENGTH DATA ELEMENTS--GENERAL INFORMATION
fixed length control field 190906s9999||||xx |||||||||||||| ||und||
100 ## - MAIN ENTRY--PERSONAL NAME
Personal name David A. Ricks
245 #0 - TITLE STATEMENT
Title International Business
260 ## - PUBLICATION, DISTRIBUTION, ETC. (IMPRINT)
Place of publication, distribution, etc New Delhi
Name of publisher, distributor, etc Addison -Wesley
Date of publication, distribution, etc 1992
300 ## - PHYSICAL DESCRIPTION
Extent 534
942 ## - ADDED ENTRY ELEMENTS (KOHA)
Koha item type Books
Holdings
Withdrawn status Lost status Damaged status Not for loan Collection code Permanent Location Current Location Shelving location Date acquired Full call number Barcode Date last seen Price effective from Koha item type
        Business MAJU MAJU   2019-09-06 658.18 4271 2019-09-06 2019-09-06 Business

Powered by Koha